000 00399cam a2200157ua 4500
041 _aeng
_h
082 _a620.43
_bHUN/NA
100 _aHunt, Geoffrey .
245 0 0 _aNanotechnology: risk ethics and law /
_cGeoffrey Hunt.
_hTextual Documents
260 _aLondon :
_bEarthscan ,
_c2007.
300 _a288 ; .
504 _a
700 1 _aMehta, Michael .
942 _cBK
999 _c13399
_d13399